[Event "Malta ol (Men)"]
[Site "La Valetta"]
[Date "1980.??.??"]
[Round "?"]
[White "Nikolic, Predrag"]
[Black "Renman, Nils Gustaf"]
[Result "1-0"]
[WhiteElo "2330"]
[BlackElo "2425"]

1.d4 Nf6 2.c4 e6 3.Nf3 b6 4.a3 Bb7 5.Nc3 d5 6.cxd5 exd5 7.g3 Bd6 8.Bg2 O-O
9.O-O Re8 10.Bg5 c6 11.Nh4 h6 12.Bxf6 Qxf6 13.e4 dxe4 14.Nxe4 Qe6 15.Re1 Na6
16.Nf5 Bf8 17.Ned6 Qxe1+ 18.Qxe1 Rxe1+ 19.Rxe1 Rb8 20.Ne7+ Kh7 21.Nxf7 c5
22.d5 g6 23.Nd6 Ba8 24.Nb5 Re8 25.d6 Bxg2 26.Kxg2 Rd8 27.Nc6 Rd7 28.Re7+  1-0

[Event "Malta ol (Men)"]
[Site "La Valetta"]
[Date "1980.??.??"]
[Round "?"]
[White "De Firmian, Nick E"]
[Black "Nikolic, Predrag"]
[Result "0-1"]
[WhiteElo "2430"]
[BlackElo "2330"]

1.e4 e5 2.Nf3 Nc6 3.Bb5 a6 4.Ba4 Nf6 5.O-O Be7 6.Re1 b5 7.Bb3 d6 8.c3 O-O
9.h3 Bb7 10.d4 Re8 11.Nbd2 Bf8 12.a4 h6 13.Bc2 exd4 14.cxd4 Nb4 15.Bb1 c5
16.b3 Rc8 17.Ba3 g6 18.axb5 axb5 19.Bxb4 cxb4 20.Bd3 Qb6 21.e5 dxe5 22.dxe5 Nd5
23.Ne4 Red8 24.Qd2 Nc3 25.Nf6+ Kg7 26.Ng4 h5 27.Nf6 Be7 28.Qe3 Qxe3 29.Rxe3 Bc5
30.Bf1 Bxe3 31.fxe3 Rc5 32.e4 Nxe4 33.Ra7 Bd5 34.Nxe4 Bxe4 35.Ng5 Bd5 36.e6 Kf6
37.Nxf7 Ra8 38.Rxa8 Bxa8 39.Nd6 Bc6 40.Bxb5  0-1

[Event "Sarajevo"]
[Site "Sarajevo"]
[Date "1980.??.??"]
[Round "?"]
[White "Uhlmann, Wolfgang"]
[Black "Nikolic, Predrag"]
[Result "1-0"]
[WhiteElo "2510"]
[BlackElo "2330"]

1.c4 c6 2.d4 d5 3.Nf3 Nf6 4.Nc3 e6 5.Bg5 dxc4 6.e4 b5 7.e5 h6 8.Bh4 g5 9.Nxg5 Nd5
10.Nf3 Qa5 11.Rc1 Bb4 12.Qd2 Nd7 13.Be2 Nxc3 14.bxc3 Ba3 15.Rc2 b4 16.Bxc4 Nb6
17.Qd3 bxc3 18.O-O Bb2 19.Bf6 Rf8 20.Nd2 Nxc4 21.Qxc4 Qb5 22.Rb1 cxd2 23.Qxb5 cxb5
24.Rcxb2 Bb7 25.Rxd2 Rg8 26.f3 Bxf3 27.Rxb5 Rc8 28.Rc5 Kd7 29.h3 h5 30.Ra5 Rc7
31.Kh2 Bd5 32.Ra6 Kc8 33.Rb2 Rb7 34.Rc2+ Rc7 35.Rf2 Kb7 36.Rd6 Rc6 37.Be7 Rc3
38.Bh4 Ra3 39.Rxf7+ Kc8 40.Rf2 Bxa2 41.Rc2+ Kb8 42.Be7 Ra4 43.Rd7 Bd5 44.Bd6+ Ka8
45.Bc5 Be4 46.Rb2 Ra5 47.Re7 Bf5 48.Bd6 Ra6 49.Rg7 Rh8 50.Rbb7 Ra2 51.Rbe7 Rc8
52.Bc5 Rh8 53.Kg3 Be4 54.Kh4 Bxg2 55.Rxe6 Be4 56.Ree7 Rf2 57.Rxa7+ Kb8 58.Bd6+ Kc8
59.e6  1-0

[Event "Sarajevo"]
[Site "Sarajevo"]
[Date "1980.??.??"]
[Round "?"]
[White "Trois, Francisco RT"]
[Black "Nikolic, Predrag"]
[Result "0-1"]
[WhiteElo "2395"]
[BlackElo "2330"]

1.c4 e5 2.Nc3 Nc6 3.e3 g6 4.d4 d6 5.d5 Nce7 6.e4 Bg7 7.Bd3 f5 8.exf5 gxf5
9.Qh5+ Kf8 10.f4 e4 11.Bc2 Nf6 12.Qd1 a6 13.Nge2 Ng6 14.Be3 Nh4 15.O-O Rg8
16.h3 Nh5 17.Rf2 Qf6 18.Kh1 Qh6 19.Qg1 Bf6 20.Qh2 Bd7 21.Raf1 Re8 22.a4 Re7
23.Nd1 Reg7 24.g4 fxg4 25.f5 Bg5 26.hxg4 Nf6 27.Rf4 Nf3 28.Qxh6 Bxh6 29.Rxe4 Bxe3
30.Rxf3 Bc5 31.Nd4 Nxe4 32.Ne6+ Bxe6 33.fxe6+ Ke8 34.Bxe4 Rxg4 35.Bf5 Rg1+
36.Kh2 Rxd1 37.Bxh7 Rg7  0-1

[Event "Sarajevo"]
[Site "Sarajevo"]
[Date "1980.??.??"]
[Round "?"]
[White "Arapovic, Vitomir"]
[Black "Nikolic, Predrag"]
[Result "1-0"]
[WhiteElo "2385"]
[BlackElo "2330"]

1.e4 e6 2.d4 d5 3.Nc3 Bb4 4.e5 Ne7 5.a3 Bxc3+ 6.bxc3 c5 7.Qg4 O-O 8.Nf3 Qa5
9.Bd2 Qa4 10.Bd3 c4 11.Bxh7+ Kxh7 12.Qh4+ Kg8 13.Qxe7 Qxc2 14.O-O Nc6 15.Qh4 Qh7
16.Qg3 Bd7 17.Bg5 Rae8 18.Nh4 Kh8 19.Qh3 Kg8 20.Qg3 Kh8 21.Qf4 Ne7 22.Bxe7 Rxe7
23.Qg5 Ree8 24.f4 Qh6 25.Qg4 Kh7 26.Rf3 f5 27.Qg3 Rg8 28.Qf2 Rh8 29.Nxf5 Qg6
30.Nd6  1-0

[Event "Sarajevo"]
[Site "Sarajevo"]
[Date "1980.??.??"]
[Round "?"]
[White "Bistric, Faruk"]
[Black "Nikolic, Predrag"]
[Result "1-0"]
[WhiteElo "2245"]
[BlackElo "2330"]

1.e4 g6 2.d4 Bg7 3.Nc3 c6 4.Nf3 d6 5.Be2 b5 6.O-O Bb7 7.e5 Nh6 8.exd6 Qxd6
9.a4 bxa4 10.Ne4 Qc7 11.Nc5 Nd7 12.Nxd7 Qxd7 13.Ne5 Qc8 14.Rxa4 O-O 15.Bxh6 Bxh6
16.Qa1 Rd8 17.c3 Qb8 18.Qa2 e6 19.Bf3 Rd6 20.Ra1 a6 21.Nc4 Rd8 22.Na5 Qc7
23.Rc4 Rd6 24.Rc5 Bf8 25.b4 e5 26.d5 Rxd5 27.Nxb7 Bxc5 28.Nxc5 Rdd8 29.h4 h5
30.Nxa6 Qb6 31.Qa5 Qa7 32.Qxe5 Rd2 33.Qe3 Qd7 34.b5 Re8 35.bxc6 Rxe3 36.cxd7 Rxc3
37.Nb8 Rb3 38.Re1  1-0

[Event "Sarajevo"]
[Site "Sarajevo"]
[Date "1980.??.??"]
[Round "?"]
[White "Nikolic, Predrag"]
[Black "Bagirov, Vladimir"]
[Result "1-0"]
[WhiteElo "2330"]
[BlackElo "2560"]

1.c4 e6 2.Nf3 Nf6 3.Nc3 d5 4.d4 c6 5.Bg5 dxc4 6.e4 b5 7.e5 h6 8.Bh4 g5 9.Nxg5 hxg5
10.Bxg5 Nbd7 11.g3 b4 12.Ne4 Nxe4 13.Bxd8 Kxd8 14.Bg2 f5 15.exf6 Ndxf6 16.Bxe4 Nxe4
17.Qf3 Kd7 18.Qxe4 Ba6 19.O-O c3 20.bxc3 bxc3 21.Rfc1 Bc4 22.Rab1 Bd5 23.Qe5  1-0

[Event "Banja Luka"]
[Site "Banja Luka"]
[Date "1981.??.??"]
[Round "?"]
[White "Nikolic, Predrag"]
[Black "Filipovic, Branko"]
[Result "1/2-1/2"]
[WhiteElo "2515"]
[BlackElo "2215"]

1.d4 Nf6 2.c4 g6 3.Nf3 Bg7 4.g3 O-O 5.Bg2 d6 6.O-O Nc6 7.Nc3 a6 8.h3 Rb8
9.e4 b5 10.cxb5 axb5 11.e5 dxe5 12.dxe5 Qxd1 13.Rxd1 Nd7 14.e6 fxe6 15.Be3 Nb6
16.Ng5 Nb4 17.Rac1 h6 18.Nf3 N4d5 19.Bd4 b4 20.Nb5 c5 21.Bxc5 Bxb2 22.Rc2 Na4
23.Bd4 Rxb5 24.Bxb2 Ndc3 25.Re1 Nxa2 26.Ne5 b3 27.Rd2 Nxb2 28.Rxb2 Kg7 29.Bf1 Rb6
30.Re3 Rd8 31.Rexb3 Rxb3 32.Rxb3 Rd5 33.f4 Rd1 34.Kf2 Rc1 35.Bd3 g5 36.Rb8 Rc7  1/2-1/2

[Event "Banja Luka"]
[Site "Banja Luka"]
[Date "1981.??.??"]
[Round "?"]
[White "Nikolic, Predrag"]
[Black "Hausner, Ivan"]
[Result "1-0"]
[WhiteElo "2515"]
[BlackElo "2460"]

1.d4 Nf6 2.c4 g6 3.Nf3 Bg7 4.g3 O-O 5.Bg2 d6 6.O-O Nbd7 7.Nc3 e5 8.e4 c6
9.h3 Qb6 10.Re1 exd4 11.Nxd4 Ne8 12.Nf3 Ne5 13.Nxe5 dxe5 14.Be3 Qa5 15.a3 Bf6
16.b4 Qc7 17.a4 Ng7 18.a5 Ne6 19.b5 Bg5 20.Bxa7 cxb5 21.Nd5 Qxc4 22.Nb6 Rxa7
23.Nxc4 bxc4 24.Qd5 c3 25.Qxe5 Bd2 26.Red1 Rd8 27.Rac1 Nd4 28.Qf6  1-0

[Event "Banja Luka"]
[Site "Banja Luka"]
[Date "1981.??.??"]
[Round "?"]
[White "Nikolic, Predrag"]
[Black "Vukic, Milan"]
[Result "1-0"]
[WhiteElo "2515"]
[BlackElo "2505"]

1.Nf3 Nf6 2.g3 g6 3.Bg2 Bg7 4.O-O O-O 5.c4 d6 6.d4 Nbd7 7.Qc2 e5 8.Rd1 Re8
9.dxe5 dxe5 10.e4 c6 11.h3 Bf8 12.Be3 b6 13.Nc3 Qc7 14.Rac1 Nh5 15.a3 a5
16.Na4 Nc5 17.Rd2 Ng7 18.Rcd1 f5 19.Bxc5 bxc5 20.Re1 f4 21.gxf4 Nh5 22.fxe5 Nf4
23.Qc3 Bxh3 24.Bxh3 Nxh3+ 25.Kf1 Nf4 26.Red1 Qg7 27.Nb6 Qh6 28.Ng1 Ra7 29.Nd7 Bg7
30.Qf3 Ne6 31.Qg4 Rxd7 32.Rxd7 Nd4 33.e6 Nxe6 34.R1d6 Qc1+ 35.Kg2 Qxc4 36.Nf3 Nf8
37.Nd2 Qa2 38.Rb7 Bxb2 39.Nb3 c4 40.Qf3 Kh8 41.Nd4  1-0

[Event "Banja Luka"]
[Site "Banja Luka"]
[Date "1981.??.??"]
[Round "?"]
[White "Tseshkovsky, Vitaly"]
[Black "Nikolic, Predrag"]
[Result "1-0"]
[WhiteElo "2530"]
[BlackElo "2515"]

1.e4 e5 2.Nf3 Nc6 3.Bc4 Bc5 4.d3 Nf6 5.c3 a6 6.O-O d6 7.Re1 Qe7 8.d4 Ba7
9.h3 h6 10.Be3 O-O 11.Nbd2 Re8 12.a3 Qd7 13.Qc2 d5 14.exd5 Nxd5 15.Bxd5 Qxd5
16.c4 Qd8 17.d5 Nd4 18.Bxd4 exd4 19.Rxe8+ Qxe8 20.Nb3 c5 21.dxc6 Qxc6 22.Nbxd4 Qf6
23.Qe4 Rb8 24.b4 Bd7 25.c5 Bc6 26.Qe5 Qxe5 27.Nxe5 Ba4 28.Nf5 Re8 29.Nc4 Bb8
30.Nfd6 Re7 31.Nb6 Bc6 32.a4 Bc7 33.Nbc4 Bd5 34.b5 Bxc4 35.Nxc4 Re4 36.Ne3 Bf4
37.c6 bxc6 38.bxa6 Kh7 39.Nc4 Bb8 40.Na5 Ba7 41.Nxc6 Bc5 42.a7 Re8 43.Rc1  1-0

[Event "Banja Luka"]
[Site "Banja Luka"]
[Date "1981.??.??"]
[Round "?"]
[White "Velimirovic, Dragoljub"]
[Black "Nikolic, Predrag"]
[Result "0-1"]
[WhiteElo "2480"]
[BlackElo "2515"]

1.e4 g6 2.d4 c6 3.c4 Bg7 4.Nc3 d6 5.Be2 a6 6.Be3 b5 7.cxb5 axb5 8.a3 Nf6
9.Nf3 O-O 10.O-O Nbd7 11.h3 Nb6 12.Qc2 Nc4 13.Bf4 Qb6 14.a4 Be6 15.Ng5 Bd7
16.b3 Na3 17.Qd3 b4 18.e5 Bf5 19.Qg3 Nc2 20.Rad1 bxc3 21.exf6 exf6 22.Nf3 Qxb3
23.Nh4 Be6 24.Bxd6 Rfd8 25.Bc5 f5 26.Nf3 Qxa4 27.Qh4 Bd5 28.Be7 Bxf3 29.Bxf3 Rxd4
30.Qg5 Rxd1 31.Bxd1 Qe4 32.Bc5 h6 33.Qc1 Ne1 34.f3 Qe5 35.Bf2 Nd3 36.Qc2 Qd5  0-1

[Event "Banja Luka"]
[Site "Banja Luka"]
[Date "1981.??.??"]
[Round "?"]
[White "Mihaljcisin, Mihajlo"]
[Black "Nikolic, Predrag"]
[Result "0-1"]
[WhiteElo "2325"]
[BlackElo "2515"]

1.e4 e5 2.Nf3 Nc6 3.d4 exd4 4.c3 Nf6 5.e5 Ne4 6.cxd4 Bb4+ 7.Bd2 Nxd2 8.Nbxd2 d6
9.Bb5 dxe5 10.dxe5 Qd5 11.Bxc6+ Qxc6 12.O-O O-O 13.Rc1 Qg6 14.a3 Bxd2 15.Qxd2 c6
16.Rfd1 Bg4 17.Qe3 Rad8 18.h3 Bxh3 19.Nh4 Rxd1+ 20.Rxd1 Qh5 21.Rd4 Be6 22.Nf3 Bd5
23.Ng5 h6 24.Nh3 Re8 25.Nf4 Qxe5 26.Nxd5 cxd5 27.Rxd5 Qxe3 28.fxe3 Rxe3 29.Rd8+ Kh7
30.Rd7 Rb3 31.Rxf7 Rxb2  0-1

[Event "YUG-ch"]
[Site "Borovo"]
[Date "1981.??.??"]
[Round "?"]
[White "Velimirovic, Dragoljub"]
[Black "Nikolic, Predrag"]
[Result "1-0"]
[WhiteElo "2480"]
[BlackElo "2515"]

1.e4 e5 2.Nf3 Nc6 3.c3 Nf6 4.d4 Nxe4 5.d5 Ne7 6.Nxe5 Ng6 7.Qd4 Qf6 8.Qxe4 Qxe5
9.Qxe5+ Nxe5 10.Nd2 Bc5 11.a4 O-O 12.Be2 Re8 13.O-O c6 14.Nb3 Bf8 15.f4 Ng6
16.Bc4 b6 17.Bd2 Bb7 18.dxc6 dxc6 19.Rfe1 c5 20.g3 Ne7 21.a5 Nf5 22.Bb5 Red8
23.Bf1 g6 24.Bc1 Re8 25.Bd2 Rad8 26.Rxe8 Rxe8 27.Re1 Rd8 28.Bc1 h5 29.axb6 axb6
30.Nd2 Bd6 31.Nc4 Bc7 32.Bg2 Bxg2 33.Kxg2 Kf8 34.Kf3 Ra8 35.Ne3 Nxe3 36.Bxe3 Ra2
37.Re2 Ra1 38.Ke4 Ke7 39.f5 Kd7 40.fxg6 fxg6 41.Bf4 Ra4+ 42.Kf3 Bxf4 43.gxf4 Ra2
44.h4 Kd6 45.c4 Kd7 46.Rg2 Ke7 47.Rxg6 Rxb2 48.Ke4 Rc2 49.Kd5 Rd2+ 50.Ke5 Rd4
51.Rxb6 Rxc4 52.Rb7+ Kf8 53.Rh7 Ra4 54.Rc7 Rc4 55.Kf5 Rc1 56.Kf6 Ke8 57.Re7+ Kd8
58.Re5 Rf1 59.f5 c4 60.Rc5 Rc1 61.Kf7 c3 62.f6 c2 63.Rd5+ Kc7 64.Rd2 Kb6
65.Rg2  1-0

[Event "YUG-ch"]
[Site "Borovo"]
[Date "1981.??.??"]
[Round "?"]
[White "Nikolic, Predrag"]
[Black "Vukic, Milan"]
[Result "1/2-1/2"]
[WhiteElo "2515"]
[BlackElo "2505"]

1.Nf3 Nf6 2.g3 g6 3.Bg2 Bg7 4.O-O O-O 5.c4 d6 6.d4 c6 7.Nc3 Qa5 8.h3 Be6
9.d5 cxd5 10.Nd4 Bd7 11.cxd5 Rc8 12.Be3 Na6 13.Nb3 Qd8 14.Qd2 Be8 15.Rac1 Nd7
16.Bh6 Bh8 17.Nd4 Qa5 18.Bg5 Rc4 19.Nb3 Qd8 20.Ne4 Nb6 21.Nc3 Rac8 22.Na5 R4c7
23.Nb1 Na4 24.Rxc7 Qxc7 25.b3 Nc3 26.Nc4 Nxb1 27.Rxb1 b5 28.Ne3 Bc3 29.Qd1 f6
30.Bh6 Qa5 31.h4 Bd7 32.a4 bxa4 33.bxa4 Nc5 34.Nc4 Qa6 35.Nb2 Nxa4 36.Nxa4 Bxa4
37.Qd3 Qxd3 38.exd3 Bc2 39.Rb7 Kf7 40.Rxa7 Bxd3 41.Be3 f5 42.Bf3 Rc4 43.Ra3 Be4
44.Bxe4 fxe4 45.Kf1 Bd4 46.Ke2 Rc3 47.Rxc3 Bxc3 48.f3 Be5 49.g4 exf3+ 50.Kxf3 h5
51.gxh5 gxh5 52.Bd2 e6 53.Ke4 exd5+ 54.Kxd5 Kf6 55.Bb4 Kf5 56.Bxd6 Bf6 57.Bc7 Bg7
58.Bd8 Kf4 59.Be7 Kf3 60.Bd8 Bc3 61.Kc4 Be1 62.Kd3  1/2-1/2

[Event "YUG-ch"]
[Site "Borovo"]
[Date "1981.??.??"]
[Round "?"]
[White "Nikolic, Predrag"]
[Black "Ivanovic, Bozidar"]
[Result "0-1"]
[WhiteElo "2515"]
[BlackElo "2490"]

1.d4 c5 2.d5 e5 3.e4 d6 4.Nc3 Be7 5.f4 Nd7 6.Nf3 a6 7.fxe5 Nxe5 8.Nxe5 dxe5
9.Be2 Nf6 10.O-O O-O 11.a4 b6 12.Qe1 Qd6 13.Qg3 Bd7 14.Be3 Kh8 15.h3 Ne8
16.Bg4 Bxg4 17.Qxg4 c4 18.Rab1 Qc7 19.Rf5 Bc5 20.Bxc5 Qxc5+ 21.Kh1 Qe7 22.b4 cxb3
23.Rxb3 Nd6 24.Rf2 Rac8 25.Na2 Rc4 26.Rxb6 Nxe4  0-1

[Event "YUG-ch"]
[Site "Borovo"]
[Date "1981.??.??"]
[Round "3"]
[White "Nikolic, Predrag"]
[Black "Rukavina, Josip"]
[Result "1/2-1/2"]
[WhiteElo "2515"]
[BlackElo "2415"]

1.d4 d5 2.c4 e6 3.Nc3 Be7 4.Nf3 Nf6 5.Bg5 h6 6.Bh4 O-O 7.e3 b6 8.Be2 Bb7
9.Bxf6 Bxf6 10.cxd5 exd5 11.Qb3 Re8 12.O-O c6 13.Rad1 Na6 14.Rfe1 Nc7 15.Bf1 Ne6
16.e4 dxe4 17.Rxe4 c5 18.dxc5 Qb8 19.Nd5 Bxd5 20.Rxd5 Nxc5 21.Rxe8+ Qxe8
22.Qc2 Rd8  1/2-1/2

[Event "Vrsac"]
[Site "Vrsac"]
[Date "1981.??.??"]
[Round "10"]
[White "Ftacnik, Lubomir"]
[Black "Nikolic, Predrag"]
[Result "1/2-1/2"]
[WhiteElo "2525"]
[BlackElo "2510"]

1.c4 c6 2.d4 d5 3.e3 Nf6 4.Bd3 e6 5.Nd2 Nbd7 6.Ngf3 Bd6 7.O-O O-O 8.e4 e5
9.cxd5 cxd5 10.exd5 exd4 11.Nc4 Nb6 12.Nxd4 Nxc4 13.Bxc4 Qc7 14.b3 Bxh2+
15.Kh1 Be5 16.f4 Bg4 17.Qd3 Bxd4 18.Qxd4 Rfe8 19.Bb2 Re4 20.Qf2 Qd8 21.Bd3 Re8
22.Qh4 h5 23.Qg5 Re3 24.Bc4 Ne8 25.Qxd8 Rxd8 26.Bd4 Re7 27.Bxa7 b5 28.Bc5 Rc7
29.Bb6 bxc4 30.Bxc7 Nxc7 31.bxc4 Na6 32.Rab1 Nc5 33.Rb6 Ra8 34.Ra1 Ra3 35.Rb5 Ne4
36.c5 h4 37.c6 h3 38.Rb3 hxg2+ 39.Kxg2 Ra5 40.a4 Nd6 41.Rb8+ Bc8 42.Rab1 Rxd5
43.Ra1 Kh7 44.a5 Rd2+ 45.Kg1 Bf5 46.a6 Be4 47.c7 Rg2+ 48.Kf1 Rc2 49.Rd8 Nf5
50.c8=Q Ne3+  1/2-1/2

[Event "Vrsac"]
[Site "Vrsac"]
[Date "1981.??.??"]
[Round "13"]
[White "Nikolic, Predrag"]
[Black "Petrosian, Tigran V"]
[Result "1/2-1/2"]
[WhiteElo "2510"]
[BlackElo "2585"]

1.d4 d5 2.c4 dxc4 3.Nf3 Nf6 4.e3 e6 5.Bxc4 c5 6.O-O a6 7.a4 Nc6 8.Qe2 cxd4
9.Rd1 Be7 10.exd4 O-O 11.Nc3 Nd5 12.Bd3 Ncb4 13.Bb1 b6 14.Qe4 g6 15.Bh6 Re8
16.Ne5 Bb7 17.Qf3 f5 18.Qg3 Bh4 19.Qh3 Rf8 20.Ra3 Bf6 21.Re1 a5 22.Nb5 Ba6
23.Qg3 Bh4 24.Qb3 Bf6 25.Qd1  1/2-1/2

[Event "Vrsac"]
[Site "Vrsac"]
[Date "1981.??.??"]
[Round "14"]
[White "Velimirovic, Dragoljub"]
[Black "Nikolic, Predrag"]
[Result "1-0"]
[WhiteElo "2520"]
[BlackElo "2510"]

1.e4 e5 2.Nf3 Nc6 3.Bb5 a6 4.Ba4 Nf6 5.O-O Be7 6.Re1 b5 7.Bb3 d6 8.c3 O-O
9.h3 Bb7 10.d4 Re8 11.a4 Bf8 12.d5 Na5 13.Ba2 c6 14.Na3 cxd5 15.exd5 Qd7
16.b4 Nc4 17.Nxc4 bxc4 18.Bxc4 e4 19.Nd4 Bxd5 20.Bxd5 Nxd5 21.Qb3 Qb7 22.Bd2 g6
23.c4 Nb6 24.b5 Nd7 25.Nc6 Nc5 26.Qe3 Nd3 27.Bc3 Nxe1 28.Rxe1 f5 29.Qd4 Bg7
30.Qd5+ Qf7 31.Bxg7 Kxg7 32.b6 Qd7 33.Rd1 f4 34.Qxd6 Qxd6 35.Rxd6 e3 36.Kf1 Rac8
37.fxe3 fxe3 38.b7 Rf8+ 39.Ke2 Rce8 40.Rd1  1-0

[Event "Esbjerg"]
[Site "Esbjerg"]
[Date "1982.??.??"]
[Round "4"]
[White "Nikolic, Predrag"]
[Black "Westerinen, Heikki MJ"]
[Result "1-0"]
[WhiteElo "2530"]
[BlackElo "2410"]

1.d4 d5 2.c4 c6 3.Nf3 Nf6 4.Nc3 e6 5.Bg5 dxc4 6.e4 b5 7.e5 h6 8.Bh4 g5 9.Nxg5 hxg5
10.Bxg5 Nbd7 11.g3 Bb7 12.Bg2 Qb6 13.exf6 c5 14.d5 O-O-O 15.O-O b4 16.Na4 Qb5
17.a3 exd5 18.axb4 cxb4 19.Be3 Ne5 20.Qd4 Nc6 21.Qg4+ Rd7 22.Rfd1 Ne5 23.Qf5 Bd6
24.Bd4 Nc6 25.Bc5 d4 26.Be4 Be5 27.Bxd4 Rd8 28.Be3 Kc7 29.Rxd7+ Rxd7 30.Nc5  1-0

[Event "Esbjerg"]
[Site "Esbjerg"]
[Date "1982.??.??"]
[Round "5"]
[White "Helmers, Knut J"]
[Black "Nikolic, Predrag"]
[Result "1-0"]
[WhiteElo "2425"]
[BlackElo "2530"]

1.Nf3 d5 2.d4 Nf6 3.c4 dxc4 4.e3 a6 5.Bxc4 e6 6.O-O b5 7.Bd3 Bb7 8.a4 b4
9.Qe2 Nbd7 10.e4 Be7 11.Nbd2 c5 12.e5 Nd5 13.Nc4 h6 14.Bd2 N5b6 15.Na5 Bd5
16.Be4 Rc8 17.Rfc1 Bxe4 18.Qxe4 Nd5 19.Nb7 Qb6 20.Nxc5 Nxc5 21.Qg4 g6 22.a5 Qa7
23.dxc5 Bxc5 24.Bxb4 Bxf2+ 25.Kh1 Bc5 26.Bxc5 Rxc5 27.Qa4+ Ke7 28.Qa3 Rc8
29.Nd2 Ke8 30.Rf1 Rc2 31.Ne4 R8c7 32.Nd6+ Kd8 33.Rad1 Rf2 34.Qa4 Rxf1+ 35.Rxf1 Re7
36.Rxf7 Qd7 37.Rf8+ Kc7 38.Qc4+  1-0

[Event "Esbjerg"]
[Site "Esbjerg"]
[Date "1982.??.??"]
[Round "6"]
[White "Nikolic, Predrag"]
[Black "Mortensen, Erling"]
[Result "0-1"]
[WhiteElo "2530"]
[BlackElo "2440"]

1.d4 Nf6 2.c4 g6 3.Nf3 Bg7 4.g3 O-O 5.Bg2 d6 6.O-O Nbd7 7.Qc2 e5 8.Rd1 Re8
9.Nc3 c6 10.e4 Qe7 11.d5 a5 12.h3 Nc5 13.Be3 Bd7 14.Nd2 cxd5 15.cxd5 b5 16.Bxc5 dxc5
17.a4 b4 18.Nb5 Bxb5 19.axb5 Reb8 20.Bf1 Nd7 21.Kg2 Nb6 22.Nb3 a4 23.Qxc5 Qf6
24.Nc1 Bf8 25.Qc6 Qd8 26.Qc2 Rc8 27.Qe2 Qd6 28.Nd3 Bh6 29.Qe1 Rc4 30.b3 Rd4
31.bxa4 Rxa4 32.Rdb1 Ra3 33.Nc1 Bd2 34.Qe2 Bc3 35.Rxa3 bxa3 36.Qc2 Bb2 37.Nb3 Rb4
38.Na1 Kf8 39.Bd3 Ke7 40.Qd2 Na4 41.Nc2 Rb3 42.Rd1 Rc3 43.Ne3 a2 44.Nc4 Rxc4
45.Bxc4 a1=Q 46.Rxa1 Bxa1 47.Qa5 Nb6 48.Qxa1 Nxc4 49.Qc1 Qb4 50.Qg5+ Kd7
51.Qg4+ Kc7 52.Qh4 Nd2 53.f3 Nc4 54.g4 Qd2+ 55.Kg1 g5 56.Qh6 Qe1+ 57.Kh2 Qf2+  0-1

[Event "Esbjerg"]
[Site "Esbjerg"]
[Date "1982.??.??"]
[Round "7"]
[White "Jansa, Vlastimil"]
[Black "Nikolic, Predrag"]
[Result "1-0"]
[WhiteElo "2455"]
[BlackElo "2530"]

1.e4 e5 2.Nf3 Nc6 3.Bb5 a6 4.Ba4 Nf6 5.O-O Be7 6.Re1 b5 7.Bb3 d6 8.c3 O-O
9.h3 Bb7 10.d4 Re8 11.Ng5 Rf8 12.Nf3 Re8 13.a4 h6 14.Nbd2 Bf8 15.d5 Ne7 16.c4 Qd7
17.Bc2 c6 18.b3 Qc7 19.Nf1 Nd7 20.Ne3 bxc4 21.bxc4 a5 22.Ba3 Reb8 23.c5 Nc8
24.cxd6 Bxd6 25.Bxd6 Qxd6 26.Nc4 Qf6 27.dxc6 Bxc6 28.Qd2 Ne7 29.Nxa5 Nb6
30.Nxc6 Nxc6 31.Bb3 Na5 32.Bd5 Nxd5 33.Qxd5 Nc6 34.Rac1 Ra6 35.Qc4 Na5 36.Qc7 Rb4
37.Nxe5 Kh7 38.Ng4 Qe6 39.e5 Nc4 40.a5 Rc6 41.Qd8 h5 42.Qh4 Kg6 43.f4 Qf5
44.Ne3 Qd3 45.Qg5+ Kh7 46.Nf5  1-0

[Event "Esbjerg"]
[Site "Esbjerg"]
[Date "1982.??.??"]
[Round "8"]
[White "Nikolic, Predrag"]
[Black "Fries Nielsen, Jens Ove"]
[Result "1-0"]
[WhiteElo "2530"]
[BlackElo "2390"]

1.e4 d6 2.d4 Nf6 3.Nc3 g6 4.f4 Bg7 5.Nf3 O-O 6.Bd3 Nc6 7.O-O e5 8.fxe5 dxe5
9.d5 Nb4 10.Bc4 Qe7 11.Bb3 h6 12.Qe1 Ne8 13.Na4 b5 14.Nc3 a5 15.a4 bxa4 16.Nxa4 Ba6
17.Rf2 Nd6 18.Nc5 Bb5 19.Be3 c6 20.dxc6 Nxc6 21.Bd5 a4 22.Nd3 Nd4 23.Bxa8 Rxa8
24.Qb4 Nc6 25.Qc5 Rc8 26.Nb4 Nxb4 27.Qxb4 Rc4 28.Qa5 Qc7 29.Qxc7 Rxc7 30.Re1 Rc4
31.Rd1 Nxe4 32.Rd8+ Kh7 33.Nd2 Nxf2 34.Nxc4 Nh3+ 35.gxh3 Bxc4 36.Rb8 e4 37.Rb4 Be6
38.Bd4 Bxh3 39.Bxg7 Kxg7 40.Rxa4 Bf5  1-0

[Event "Sarajevo"]
[Site "Sarajevo"]
[Date "1982.??.??"]
[Round "?"]
[White "Nikolic, Predrag"]
[Black "Makarichev, Sergey"]
[Result "1/2-1/2"]
[WhiteElo "2485"]
[BlackElo "2505"]

1.d4 Nf6 2.c4 e6 3.Nf3 b6 4.g3 Bb4+ 5.Bd2 a5 6.Bg2 O-O 7.O-O Ba6 8.a3 Be7
9.Qc2 c5 10.dxc5 bxc5 11.Ne5 Ra7 12.b4 cxb4 13.axb4 axb4 14.Be3 Rc7 15.Bb6 d5
16.Nc6 Nxc6 17.Bxc7 Qc8 18.Nd2 Bxc4 19.Nxc4 Nd4 20.Qd3 Qxc7 21.Rfc1 dxc4
22.Rxc4 Qe5 23.Qxd4 Qxe2 24.Rc7 Nd5 25.Rb7 Bf6 26.Qd1 Nc3 27.Qd6 g6 28.Rxb4 Kg7
29.Bf1 Qc2 30.Ra7 Ne4 31.Qf4 Qc5 32.Raa4 Nc3 33.Ra6 Nd5 34.Rc4 Qb5 35.Qd6 Bb2
36.Qc5 h5 37.h4 Ne7 38.Qe3 Nf5 39.Qf3 Nd4 40.Qe4 Nf5 41.Rc7 Bd4 42.Qf3 Qb8
43.Rd7 Rd8 44.Rxd8 Qxd8 45.Bd3 Nh6 46.Kg2  1/2-1/2

[Event "Sarajevo"]
[Site "Sarajevo"]
[Date "1982.??.??"]
[Round "?"]
[White "Kelecevic, Nedeljko"]
[Black "Nikolic, Predrag"]
[Result "0-1"]
[WhiteElo "2390"]
[BlackElo "2485"]

1.c4 e5 2.Nc3 Nc6 3.g3 g6 4.Bg2 Bg7 5.Nf3 f5 6.d3 Nf6 7.O-O d6 8.Ne1 O-O
9.Nc2 a5 10.Rb1 Ne7 11.a3 c6 12.b4 axb4 13.axb4 d5 14.cxd5 cxd5 15.d4 e4
16.Bf4 h6 17.h4 Nh5 18.Qd2 Nxf4 19.Qxf4 g5 20.hxg5 Ng6 21.Qd2 f4 22.Ra1 Rxa1
23.Rxa1 Qxg5 24.Ra5 e3 25.fxe3 fxg3 26.Bxd5+ Kh8 27.Bf3 Bf5  0-1

[Event "Sarajevo"]
[Site "Sarajevo"]
[Date "1982.??.??"]
[Round "?"]
[White "Nikolic, Predrag"]
[Black "Smejkal, Jan"]
[Result "1-0"]
[WhiteElo "2485"]
[BlackElo "2570"]

1.d4 Nf6 2.c4 g6 3.Nc3 d5 4.Nf3 Bg7 5.Qb3 dxc4 6.Qxc4 O-O 7.e4 Na6 8.Qb3 c5
9.d5 e6 10.Bxa6 bxa6 11.O-O exd5 12.exd5 Qb6 13.Bf4 Bb7 14.Rfd1 Qxb3 15.axb3 Rfd8
16.d6 Rab8 17.Nd2 Nd5 18.Nxd5 Bxd5 19.Rxa6 Bxb3 20.Nxb3 Rxb3 21.Rxa7 Bxb2
22.d7 Bd4 23.Bd2 c4 24.Rc7 Kg7 25.Rxc4 Be5 26.Be1 Rb7 27.Rc5 Kf6 28.Rcd5 Ba1
29.Rc1 Ke6 30.Rd3 Be5 31.Re3 g5 32.g3 g4 33.Rc4 h5 34.Bc3 Rb5 35.Rc8 Rxd7
36.Re8+  1-0

[Event "Sarajevo"]
[Site "Sarajevo"]
[Date "1982.??.??"]
[Round "?"]
[White "Bistric, Faruk"]
[Black "Nikolic, Predrag"]
[Result "0-1"]
[WhiteElo "2400"]
[BlackElo "2485"]

1.e4 e5 2.Nf3 Nc6 3.c3 Nf6 4.d3 d5 5.Nbd2 Be7 6.Be2 a5 7.a4 O-O 8.O-O Re8
9.Re1 Bf8 10.Qc2 h6 11.Nf1 Be6 12.Ne3 Qd7 13.Bf1 Rad8 14.Bd2 Qc8 15.Rad1 d4
16.Nc4 Bxc4 17.dxc4 Nd7 18.c5 Nxc5 19.cxd4 exd4 20.e5 d3 21.Qc4 Qe6 22.Qf4 Qb3
23.Be3 Nb4 24.Bxc5 Bxc5 25.e6 Rxe6 26.Qxc7 Bb6 27.Qf4 Rf6 28.Qd2 Qxa4 29.Re4 Qc2  0-1

[Event "Sarajevo"]
[Site "Sarajevo"]
[Date "1982.??.??"]
[Round "?"]
[White "Nikolic, Predrag"]
[Black "Kovacevic, Vlatko"]
[Result "1/2-1/2"]
[WhiteElo "2485"]
[BlackElo "2495"]

1.d4 d5 2.c4 c6 3.cxd5 cxd5 4.Nf3 Nc6 5.Nc3 Nf6 6.Bf4 e6 7.e3 Bd6 8.Bxd6 Qxd6
9.Bd3 O-O 10.O-O b6 11.Re1 Bb7 12.Qe2 Rac8 13.Ba6 Qb8 14.Bxb7 Qxb7  1/2-1/2

[Event "Sarajevo"]
[Site "Sarajevo"]
[Date "1982.??.??"]
[Round "?"]
[White "Nikolic, Predrag"]
[Black "Beliavsky, Alexander G"]
[Result "1/2-1/2"]
[WhiteElo "2485"]
[BlackElo "2615"]

1.d4 d5 2.c4 c6 3.Nf3 Nf6 4.e3 Bf5 5.Qb3 Qb6 6.Nc3 e6 7.Qxb6 axb6 8.Nh4 Be4
9.Bd2 h6 10.cxd5 exd5 11.f3 Bh7 12.g4 b5 13.Nf5 h5 14.h3 g6 15.Ng3 h4 16.Nge2 g5
17.Nc1 Bd6 18.Bd3 O-O 19.Bxh7+ Nxh7 20.Nd3 Nd7 21.Kf2 f5 22.Kg2 Nb6 23.b3 Kg7
24.a4  1/2-1/2

[Event "Sarajevo"]
[Site "Sarajevo"]
[Date "1982.??.??"]
[Round "?"]
[White "Nikolic, Predrag"]
[Black "Arapovic, Vitomir"]
[Result "1-0"]
[WhiteElo "2485"]
[BlackElo "2370"]

1.d4 g6 2.Nf3 Bg7 3.g3 d6 4.c4 Nf6 5.Bg2 O-O 6.O-O c5 7.d5 Na6 8.Nc3 Nc7
9.e4 e5 10.dxe6 Bxe6 11.Qd3 Qe7 12.Bf4 Rfd8 13.Rad1 Nfe8 14.h3 h6 15.Rfe1 Qf8
16.b3 a6 17.a4 f5 18.Bc1 g5 19.h4 g4 20.Nh2 Qf6 21.exf5 Bxf5 22.Be4 Qxc3
23.Bxf5 h5 24.Bh7+ Kh8 25.Bg6 Qxd3 26.Rxd3 Nf6 27.Re7 Nce8 28.Rxb7 Nd7 29.Bg5 Nef6  1-0

[Event "Sarajevo"]
[Site "Sarajevo"]
[Date "1982.??.??"]
[Round "?"]
[White "Adorjan, Andras"]
[Black "Nikolic, Predrag"]
[Result "1/2-1/2"]
[WhiteElo "2515"]
[BlackElo "2485"]

1.e4 e5 2.Nf3 Nc6 3.Bb5 a6 4.Ba4 Nf6 5.O-O Be7 6.Re1 b5 7.Bb3 d6 8.c3 O-O
9.h3 Bb7 10.d4 Re8 11.Ng5 Rf8 12.Nf3 Re8 13.a4 h6 14.Nbd2 Bf8 15.Ba2 Rb8
16.Bb1  1/2-1/2

[Event "Sochi"]
[Site "Sochi"]
[Date "1982.??.??"]
[Round "1"]
[White "Romanishin, Oleg M"]
[Black "Nikolic, Predrag"]
[Result "1/2-1/2"]
[WhiteElo "2585"]
[BlackElo "2530"]

1.d4 Nf6 2.Nf3 e6 3.g3 b6 4.Bg2 Bb7 5.c4 Bb4+ 6.Bd2 Bxd2+ 7.Qxd2 O-O 8.O-O Nc6
9.Nc3 Na5 10.Qd3 d5 11.cxd5 exd5 12.Nd2 c5 13.dxc5 bxc5 14.Na4 c4 15.Qa3 Re8
16.e3 Rb8 17.Rfd1 Bc6 18.Nc3 Qb6 19.Nf3 Qb4 20.Nd4 Qxa3 21.bxa3 Rb2 22.Rab1 Reb8
23.Rxb2 Rxb2 24.Nxc6 Nxc6 25.Nxd5 Ne5 26.h3 Kf8 27.Nb4 c3 28.f4 Nc4 29.Rd8+ Ke7
30.Nc6+ Ke6 31.Nd4+ Ke7 32.Nc6+ Ke6 33.Nd4+  1/2-1/2